00974nam a2200145Ia 45000010005000000080041000050200018000462450090000642600046001543000020002005200540002205460012007606500046007726510010008186553260430s9999 xx 000 0 und d a9781906598648 0aRe:Viewing Egypt: bImage and Echo/ cPhotographs: Xavier Roy, Text: Gamal Al-Ghitani aLondon; bHaus Publishing Limited; c2010 a147p; c25x23cm aThis book is a photographic exploration of Egypt by Xavier Roy, presenting a visually rich interpretation of the country’s landscapes, people, and cultural textures. The images emphasize themes such as light, repetition, and symbolism, encouraging viewers to interpret photography as metaphor rather than mere documentation. Accompanied by a reflective introduction by Gamal Al-Ghitani, the work blends visual art with literary insight, offering both an aesthetic and contemplative engagement with Egyptian identity and everyday life aEnglish aTR624-835 Technology- Applied Photography aEgypt